|
|
|
|
| LEADER |
00000nam0a2200000 4500 |
| 001 |
242325 |
| 005 |
20231101231904.0 |
| 035 |
|
|
|a (RuTPU)RU\TPU\book\263635
|
| 090 |
|
|
|a 242325
|
| 100 |
|
|
|a 20130829d1967 m y0rusy50 ca
|
| 101 |
0 |
|
|a rus
|
| 102 |
|
|
|a RU
|
| 105 |
|
|
|a y z 000zy
|
| 200 |
1 |
|
|a Советы-власть народа (1936-1967)
|f А. И. Лепешкин
|
| 210 |
|
|
|a Москва
|c Изд-во "Юридическая литература"
|d 1967
|
| 215 |
|
|
|a 375 с.
|
| 300 |
|
|
|a Продолж. книги: Советы-власть трудящихся. 1917-1936 г. г.
|
| 606 |
1 |
|
|a Советы депутатов трудящихся, местные
|2 stltpush
|3 (RuTPU)RU\TPU\subj\55434
|9 73468
|
| 610 |
1 |
|
|a право
|
| 610 |
1 |
|
|a государственное право
|
| 610 |
1 |
|
|a Россия
|
| 610 |
1 |
|
|a история
|
| 610 |
1 |
|
|a 20 век
|
| 610 |
1 |
|
|a власть
|
| 610 |
1 |
|
|a органы
|
| 610 |
1 |
|
|a депутаты
|
| 610 |
1 |
|
|a местные органы
|
| 610 |
1 |
|
|a советы
|
| 686 |
|
|
|a Х620.612
|v LBC/SL-A
|2 rubbk
|
| 700 |
|
1 |
|a Лепешкин
|b А. И.
|g Алексей Ильич
|
| 801 |
|
1 |
|a RU
|b 63413507
|c 20130829
|
| 801 |
|
2 |
|a RU
|b 63413507
|c 20131021
|g RCR
|
| 942 |
|
|
|c BK
|